[Event "Chessable Masters Div 2 W"]
[Site "chess.com INT"]
[Date "2023.04.04"]
[Round "2.3"]
[White "Vachier-Lagrave, Maxime"]
[Black "Praggnanandhaa, R"]
[Result "1-0"]
[WhiteTitle "GM"]
[BlackTitle "GM"]
[WhiteElo "2741"]
[BlackElo "2688"]
[WhiteFideId "623539"]
[BlackFideId "25059530"]
[EventDate "2023.04.03"]
[EventType "k.o."]

1. e4 c5 2. Nf3 Nc6 3. c3 Nf6 4. e5 Nd5 5. Bc4 Nb6 6. Bb3 c4 7. Bc2 g6 8. Qe2 d5
9. exd6 Qxd6 10. Na3 Be6 11. b3 cxb3 12. axb3 Bg7 13. O-O O-O 14. Re1 Nd5 15.
Nc4 Qc7 16. Bb2 Rad8 17. Ne3 Nf4 18. Qd1 Nd3 19. Bxd3 Rxd3 20. Ra4 Rfd8 21. Re4
Bc8 22. Qe2 b5 23. Nd4 Nxd4 24. Rxd4 R3xd4 25. cxd4 Qb6 26. Ba3 Qxd4 27. Qxb5
Qxd2 28. Bb4 Bc3 29. Bxc3 Qxc3 30. Rf1 Be6 31. b4 Kg7 32. Qa5 Rd7 33. h3 Rb7 34.
Qa1 Qf6 35. Qa6 Bc8 36. Qc4 Bd7 37. Re1 Qd6 38. Qc3+ Kg8 39. Rd1 Qe6 40. Nd5 f6
41. Qc5 Ba4 42. Nf4 Qc6 43. Rd8+ Kf7 44. Qe3 Rd7 45. Rxd7 Qxd7 46. Nd3 Bc6 47.
f3 Bb5 48. Nc5 Qd1+ 49. Kh2 Qd6+ 50. Kg1 Bc4 51. Qc3 Qd5 52. Qa3 Qd4+ 53. Kh1
Qf2 54. Ne4 Qd4 55. Nc5 Qd2 56. Ne4 Qe1+ 57. Kh2 f5 58. Ng5+ Kg7 59. f4 Bd5 60.
Qxa7 Qxb4 61. Qe3 Qd6 62. h4 h6 63. Nf3 Bxf3 64. Qxf3 Qd4 65. g3 Qd3 66. Qxd3 1-0

[Event "Chessable Masters Div 2 W"]
[Site "chess.com INT"]
[Date "2023.04.04"]
[Round "2.1"]
[White "Oparin, Grigoriy"]
[Black "Kramnik, Vladimir"]
[Result "0-1"]
[WhiteTitle "GM"]
[BlackTitle "GM"]
[WhiteElo "2667"]
[BlackElo "2753"]
[WhiteFideId "24125890"]
[BlackFideId "4101588"]
[EventDate "2023.04.03"]
[EventType "k.o."]

1. c4 c6 2. d4 d5 3. Nf3 Nf6 4. Nc3 e6 5. e3 Nbd7 6. Bd3 dxc4 7. Bxc4 b5 8. Bd3
Bd6 9. O-O O-O 10. Qc2 Bb7 11. e4 e5 12. dxe5 Nxe5 13. Nxe5 Bxe5 14. h3 b4 15.
Na4 Bd4 16. e5 Qd5 17. exf6 c5 18. Bxh7+ Kh8 19. Be4 Qxe4 20. Qxe4 Bxe4 21.
fxg7+ Kxg7 22. Be3 Bxe3 23. fxe3 Rfc8 24. Rfc1 c4 25. a3 a5 26. Nb6 c3 27. bxc3
b3 28. Na4 Ra6 29. Rd1 Rc4 30. Rd4 Rxa4 31. Rxa4 b2 32. Re1 b1=Q 33. Rxb1 Bxb1
34. Kf2 Bc2 35. Rg4+ Kf8 36. c4 Rb6 37. Rg5 a4 38. Rb5 Rd6 39. Rd5 Rxd5 40. cxd5
Ke7 41. Kf3 Kd6 42. Kf4 Kxd5 43. h4 f6 44. g4 Be4 45. g5 fxg5+ 46. Kxg5 Kc4 47.
Kf4 Kd3 48. h5 Bh7 49. Kf3 Bf5 50. Kf4 Be4 0-1

[Event "Chessable Masters Div 2 W"]
[Site "chess.com INT"]
[Date "2023.04.04"]
[Round "2.2"]
[White "Kramnik, Vladimir"]
[Black "Oparin, Grigoriy"]
[Result "1/2-1/2"]
[WhiteTitle "GM"]
[BlackTitle "GM"]
[WhiteElo "2753"]
[BlackElo "2667"]
[WhiteFideId "4101588"]
[BlackFideId "24125890"]
[EventDate "2023.04.03"]
[EventType "k.o."]

1. e4 e5 2. Nf3 Nc6 3. Bc4 Nf6 4. d3 Bc5 5. c3 d6 6. O-O a5 7. Re1 O-O 8. h3 h6
9. Nbd2 Be6 10. Bb5 Bb6 11. Nf1 Ne7 12. Ng3 Nd7 13. d4 f5 14. exf5 Nxf5 15. d5
Nxg3 16. dxe6 Nf6 17. Qc2 e4 18. Nd4 Bxd4 19. cxd4 Nf5 20. d5 Nd4 21. Qc4 Nxb5
22. Qxb5 Qc8 23. Bf4 c6 24. Qe2 cxd5 25. e7 Re8 26. Bxd6 Qd7 27. Ba3 Rac8 28.
Qd2 b6 29. Rad1 Rc6 30. b3 Kf7 31. Qf4 b5 32. Qd2 b4 33. Bb2 Rxe7 34. Bxf6 Kxf6
35. Qd4+ Kf5 36. f3 Qe6 37. Qxd5+ Qxd5 38. Rxd5+ Kf4 39. fxe4 a4 40. Rf5+ Kg3
41. Re3+ Kh4 42. Kh2 Rc2 43. bxa4 Rxa2 44. Rg3 g5 45. Rg4+ Kh5 46. Rb5 Rxa4 47.
e5 Re6 48. Re4 Kg6 49. Rb8 Kf5 50. Rexb4 Rxb4 51. Rxb4 Kxe5 1/2-1/2

[Event "Chessable Masters Div 2 W"]
[Site "chess.com INT"]
[Date "2023.04.04"]
[Round "2.3"]
[White "Oparin, Grigoriy"]
[Black "Kramnik, Vladimir"]
[Result "1/2-1/2"]
[WhiteTitle "GM"]
[BlackTitle "GM"]
[WhiteElo "2667"]
[BlackElo "2753"]
[WhiteFideId "24125890"]
[BlackFideId "4101588"]
[EventDate "2023.04.03"]
[EventType "k.o."]

1. c4 e6 2. Nf3 Nf6 3. g3 d5 4. Bg2 Be7 5. d4 O-O 6. Nc3 dxc4 7. Ne5 c5 8. dxc5
Qxd1+ 9. Nxd1 Bxc5 10. Nxc4 Nc6 11. Be3 Bb4+ 12. Nc3 Nd5 13. Bd2 Rd8 14. Rc1
Bxc3 15. Bxc3 b6 16. Ne3 Nce7 17. Nxd5 Nxd5 18. Bd2 Ba6 19. f3 e5 20. Kf2 Nf4
21. Bxf4 exf4 22. Rhd1 Rxd1 23. Rxd1 Re8 24. gxf4 Rxe2+ 25. Kg3 Re8 26. Rd7 Ra8
27. f5 Bb5 28. Rc7 Kf8 29. b3 a5 30. Rb7 Bd3 31. f6 b5 32. f4 Rd8 33. fxg7+ Kxg7
34. Ra7 Bb1 35. Rxa5 Rd3+ 36. Bf3 Rc3 37. Kf2 Rc2+ 38. Kg3 Rc3 39. Kf2 Rc2+ 40.
Be2 b4 41. Rb5 Bxa2 42. Rxb4 Rb2 43. Ke3 Rxb3+ 44. Rxb3 Bxb3 45. Kf2 Kf6 46. Kg3 1/2-1/2

[Event "Chessable Masters Div 2 W"]
[Site "chess.com INT"]
[Date "2023.04.04"]
[Round "2.4"]
[White "Kramnik, Vladimir"]
[Black "Oparin, Grigoriy"]
[Result "1-0"]
[WhiteTitle "GM"]
[BlackTitle "GM"]
[WhiteElo "2753"]
[BlackElo "2667"]
[WhiteFideId "4101588"]
[BlackFideId "24125890"]
[EventDate "2023.04.03"]
[EventType "k.o."]

1. d4 Nf6 2. Nf3 e6 3. c4 Bb4+ 4. Nbd2 O-O 5. a3 Be7 6. e3 b6 7. Bd3 Bb7 8. b4
a5 9. b5 c5 10. bxc6 Nxc6 11. O-O d5 12. Rb1 Ba6 13. Qe2 a4 14. cxd5 Bxd3 15.
Qxd3 Nxd5 16. Nc4 f5 17. e4 fxe4 18. Qxe4 Rf6 19. Nxb6 Ra6 20. Ng5 Rg6 21. Nxe6
Qd6 22. Qxd5 Rxe6 23. Qc4 Ra5 24. Bf4 1-0

[Event "Chessable Masters Div 2 W"]
[Site "chess.com INT"]
[Date "2023.04.05"]
[Round "3.1"]
[White "Abdusattorov, Nodirbek"]
[Black "Lazavik, Denis"]
[Result "1-0"]
[WhiteTitle "GM"]
[BlackTitle "GM"]
[WhiteElo "2731"]
[BlackElo "2544"]
[WhiteFideId "14204118"]
[BlackFideId "13515110"]
[EventDate "2023.04.03"]
[EventType "k.o."]

1. d4 Nf6 2. c4 e6 3. Nf3 d5 4. g3 Be7 5. Bg2 O-O 6. Qd3 c5 7. O-O Nc6 8. cxd5
Nxd5 9. dxc5 Bxc5 10. Nc3 Nxc3 11. Qxc3 Qe7 12. Bf4 Bd7 13. Rfd1 Rfd8 14. Rac1
Bb4 15. Qc2 e5 16. Be3 f6 17. a3 Ba5 18. Nh4 Be6 19. Nf5 Qf8 20. Rxd8 Rxd8 21.
Bc5 Qf7 22. b4 Bb6 23. Nd6 Qc7 24. Nxb7 Nd4 25. Qb2 Rd7 26. Bxd4 Bxd4 27. Qb1
Qb6 28. Nc5 Rc7 29. Nxe6 Rxc1+ 30. Qxc1 Qxe6 31. e3 Bb6 32. a4 g6 33. a5 Bd8 34.
Qc5 Qe7 35. Bd5+ Kg7 36. Qc4 Qd6 37. e4 Qc7 38. Qa6 Be7 39. b5 Bc5 40. Qe6 Bd4
41. Kg2 Bc5 42. h4 Qd8 43. Qf7+ Kh6 44. b6 axb6 45. a6 b5 46. a7 Bxa7 47. Qxa7 1-0

[Event "Chessable Masters Div 2 W"]
[Site "chess.com INT"]
[Date "2023.04.05"]
[Round "3.2"]
[White "Lazavik, Denis"]
[Black "Abdusattorov, Nodirbek"]
[Result "1-0"]
[WhiteTitle "GM"]
[BlackTitle "GM"]
[WhiteElo "2544"]
[BlackElo "2731"]
[WhiteFideId "13515110"]
[BlackFideId "14204118"]
[EventDate "2023.04.03"]
[EventType "k.o."]

1. d4 d5 2. c4 dxc4 3. Nf3 Nf6 4. e3 e6 5. Bxc4 c5 6. O-O a6 7. Nbd2 cxd4 8.
Nxd4 Bd6 9. b3 O-O 10. Bb2 e5 11. N4f3 Qe7 12. Qb1 Nc6 13. a3 Be6 14. Rd1 Rad8
15. h3 g6 16. Bxe6 Qxe6 17. Qc2 Bb8 18. b4 Rc8 19. Qb3 Rfe8 20. Rac1 h6 21. Qxe6
Rxe6 22. Nb3 Ree8 23. Nc5 Re7 24. Kf1 Kg7 25. Ke2 Ne8 26. a4 f6 27. b5 axb5 28.
axb5 Na7 29. b6 Nc6 30. Nd2 Nd6 31. Nde4 Nb5 32. Rd5 f5 33. Nd2 Rd8 34. Rxd8
Nxd8 35. Nd3 Bd6 36. Nc4 Nc6 37. Nxd6 Nxd6 38. Rxc6 bxc6 39. Bxe5+ Rxe5 40. Nxe5
c5 41. Nd7 1-0

[Event "Chessable Masters Div 2 W"]
[Site "chess.com INT"]
[Date "2023.04.05"]
[Round "3.3"]
[White "Abdusattorov, Nodirbek"]
[Black "Lazavik, Denis"]
[Result "1-0"]
[WhiteTitle "GM"]
[BlackTitle "GM"]
[WhiteElo "2731"]
[BlackElo "2544"]
[WhiteFideId "14204118"]
[BlackFideId "13515110"]
[EventDate "2023.04.03"]
[EventType "k.o."]

1. d4 Nf6 2. c4 e6 3. Nf3 d5 4. g3 Be7 5. Bg2 O-O 6. Qd3 c5 7. O-O b6 8. cxd5
Ba6 9. Qc2 exd5 10. Nc3 Nc6 11. Rd1 Rc8 12. Qa4 Bb7 13. Bg5 c4 14. Ne5 a6 15.
Bxf6 Bxf6 16. Nxd5 b5 17. Nxc6 Rxc6 18. Qc2 Ba8 19. a4 Rc8 20. Nxf6+ Qxf6 21. d5
b4 22. a5 c3 23. bxc3 Rxc3 24. Qd2 Rfc8 25. Rab1 b3 26. d6 Bxg2 27. Kxg2 g6 28.
Qd5 Rb8 29. d7 Qd8 30. Qe5 Rc7 31. Rxb3 1-0

[Event "Chessable Masters Div 2 W"]
[Site "chess.com INT"]
[Date "2023.04.05"]
[Round "3.4"]
[White "Lazavik, Denis"]
[Black "Abdusattorov, Nodirbek"]
[Result "1-0"]
[WhiteTitle "GM"]
[BlackTitle "GM"]
[WhiteElo "2544"]
[BlackElo "2731"]
[WhiteFideId "13515110"]
[BlackFideId "14204118"]
[EventDate "2023.04.03"]
[EventType "k.o."]

1. d4 Nf6 2. c4 e6 3. Nf3 Bb4+ 4. Bd2 Bxd2+ 5. Qxd2 d5 6. e3 O-O 7. Nc3 Qe7 8.
Rc1 Rd8 9. cxd5 exd5 10. Bd3 b6 11. O-O Bb7 12. Rfd1 c5 13. b3 Nbd7 14. Qb2 Nf8
15. Qa3 N8d7 16. Na4 Bc6 17. dxc5 Bxa4 18. Qxa4 bxc5 19. Qa5 g6 20. Bb5 Ne5 21.
Nxe5 Qxe5 22. h3 Qb2 23. Qc3 Qxc3 24. Rxc3 Rac8 25. Rdc1 Ne4 26. R3c2 d4 27.
exd4 Rxd4 28. f3 Rb8 29. Bf1 Ng3 30. Rxc5 h5 31. Bc4 Rd2 32. Rc7 Rf8 33. Rxa7
Kg7 34. Re1 h4 35. a4 Rb2 36. Rd7 Kh6 37. a5 f5 38. a6 Kg5 39. Rd4 Nh5 40. Re2
Rb1+ 41. Kf2 Ng3 42. Re7 Rb2+ 43. Ke1 Nh5 44. Rd2 Rb1+ 45. Kf2 Ng3 46. a7 Ra1
47. Rd6 Nh1+ 48. Ke2 Ra2+ 49. Kd3 Nf2+ 50. Kc3 Rc8 51. Kb4 1-0

[Event "Chessable Masters Div 2 W"]
[Site "chess.com INT"]
[Date "2023.04.05"]
[Round "3.5"]
[White "Abdusattorov, Nodirbek"]
[Black "Lazavik, Denis"]
[Result "1-0"]
[WhiteTitle "GM"]
[BlackTitle "GM"]
[WhiteElo "2731"]
[BlackElo "2544"]
[WhiteFideId "14204118"]
[BlackFideId "13515110"]
[EventDate "2023.04.03"]
[EventType "k.o."]

1. d4 Nf6 2. c4 e6 3. Nf3 d5 4. g3 Bb4+ 5. Bd2 a5 6. Bg2 O-O 7. Qc1 c6 8. O-O
Nbd7 9. Bf4 Be7 10. Rd1 Nh5 11. Bg5 h6 12. Bxe7 Qxe7 13. Nc3 Nhf6 14. Nd2 b6 15.
e4 dxe4 16. Ndxe4 Nxe4 17. Nxe4 Bb7 18. c5 bxc5 19. dxc5 Nf6 20. Nxf6+ Qxf6 21.
Rd6 Rab8 22. Qd2 Ba8 23. Rb1 Rb5 24. a4 Rxc5 25. Rd1 Bb7 26. Bf1 Rd5 27. Qe1 c5
28. Qc3 Rxd1 29. Rxd1 Bd5 30. Bb5 Qxc3 31. bxc3 c4 32. f4 Rc8 33. Kf2 Kf8 34.
Ke3 Ke7 35. Kd4 Kd6 36. Re1 f6 37. Re2 Rc7 38. Ba6 Rc6 39. Bb7 Rb6 40. Bxd5 exd5
41. f5 Rb1 42. Re6+ Kd7 43. Kxd5 Ra1 44. Ra6 Rxa4 45. Ra7+ Ke8 46. Rxg7 Kf8 47.
Ra7 Ra3 48. Ke6 Rxc3 49. Kxf6 Re3 50. Rxa5 c3 51. Rc5 Ke8 52. Kg7 Re7+ 53. Kxh6
Re3 54. Kg7 Re7+ 55. Kg6 Re3 56. f6 1-0

[Event "Chessable Masters Div 2 W"]
[Site "chess.com INT"]
[Date "2023.04.05"]
[Round "3.1"]
[White "Vachier-Lagrave, Maxime"]
[Black "Kramnik, Vladimir"]
[Result "1-0"]
[WhiteTitle "GM"]
[BlackTitle "GM"]
[WhiteElo "2741"]
[BlackElo "2753"]
[WhiteFideId "623539"]
[BlackFideId "4101588"]
[EventDate "2023.04.03"]
[EventType "k.o."]

1. e4 c5 2. Nc3 d6 3. d4 cxd4 4. Qxd4 Nc6 5. Qd2 Nf6 6. b3 e6 7. Bb2 d5 8. exd5
exd5 9. O-O-O Be6 10. a3 Bc5 11. Nf3 O-O 12. Bd3 Rc8 13. Kb1 Qe7 14. Ka2 d4 15.
Ne2 Rfd8 16. Rhe1 Nb4+ 17. axb4 Bxb4 18. Qf4 Bxe1 19. Nxe1 Nd5 20. Qd2 Bg4 21.
f3 Bh5 22. Nxd4 Bg6 23. Bxg6 hxg6 24. Nd3 a5 25. Kb1 a4 26. bxa4 Nb6 27. Re1 Qd7
28. Qb4 Nd5 29. Qb3 Qc7 30. Re5 Nf6 31. a5 Ra8 32. Rb5 Qxh2 33. Rxb7 Qg1+ 34.
Nc1 Rf8 35. Ne6 fxe6 36. Qxe6+ Kh8 37. Qe7 1-0

[Event "Chessable Masters Div 2 W"]
[Site "chess.com INT"]
[Date "2023.04.05"]
[Round "3.2"]
[White "Kramnik, Vladimir"]
[Black "Vachier-Lagrave, Maxime"]
[Result "0-1"]
[WhiteTitle "GM"]
[BlackTitle "GM"]
[WhiteElo "2753"]
[BlackElo "2741"]
[WhiteFideId "4101588"]
[BlackFideId "623539"]
[EventDate "2023.04.03"]
[EventType "k.o."]

1. e4 c5 2. Nf3 d6 3. d4 cxd4 4. Nxd4 Nf6 5. Nc3 a6 6. Bc4 e6 7. Be3 Be7 8. Bb3
b5 9. a3 O-O 10. f3 Bb7 11. Qe2 Nc6 12. O-O-O Nd7 13. h4 Rc8 14. Kb1 Na5 15. Qe1
Nxb3 16. cxb3 b4 17. axb4 d5 18. exd5 e5 19. Nc6 Bxc6 20. dxc6 Rxc6 21. Nd5 Bd6
22. Qg3 Kh8 23. h5 h6 24. Qh4 Qe8 25. Qg4 f5 26. Qg5 0-1

[Event "Chessable Masters Div 2 W"]
[Site "chess.com INT"]
[Date "2023.04.05"]
[Round "3.4"]
[White "Kramnik, Vladimir"]
[Black "Vachier-Lagrave, Maxime"]
[Result "1-0"]
[WhiteTitle "GM"]
[BlackTitle "GM"]
[WhiteElo "2753"]
[BlackElo "2741"]
[WhiteFideId "4101588"]
[BlackFideId "623539"]
[EventDate "2023.04.03"]
[EventType "k.o."]

1. c3 Nf6 2. c4 e5 3. d3 Bb4+ 4. Nd2 O-O 5. Nf3 Re8 6. a3 Bd6 7. b4 a5 8. Rb1
axb4 9. axb4 Na6 10. b5 Nc5 11. e4 c6 12. Be2 Bf8 13. O-O d5 14. Qc2 dxe4 15.
dxe4 Nh5 16. g3 Bg4 17. Bb2 Qf6 18. bxc6 bxc6 19. Rfe1 Rad8 20. Bc3 Nf4 21. gxf4
Qxf4 22. Kh1 Nd3 23. Rf1 Bc5 24. Ng1 Bxe2 25. Nxe2 Nxf2+ 26. Rxf2 Qxf2 27. Ng3
Qe3 28. Nb3 Rd3 29. Qg2 Rxc3 30. Nf5 Qf3 31. Qxf3 Rxf3 32. Nxc5 g6 33. Kg2 Rc3
34. Nd6 Rd8 35. Ncb7 Ra8 36. Rb2 Rca3 37. Rf2 Ra2 38. Nc5 Rxf2+ 39. Kxf2 Kf8 40.
Nd3 Ke7 41. c5 f6 42. Nb4 Ra4 43. Nd3 Ke6 44. Ke3 f5 45. Nf2 Ra3+ 46. Ke2 Ra2+
47. Kf3 Ra3+ 48. Kg2 Rc3 49. Nb7 Rc2 50. Kf3 Rc3+ 51. Ke2 Rc2+ 52. Ke3 h5 53. h4
Rb2 54. Nd8+ Kd7 55. Nf7 f4+ 56. Kf3 Rb3+ 57. Ke2 Rb2+ 58. Kf1 Rb1+ 59. Kg2 Ke6
60. Ng5+ Kf6 61. Nf3 Rb3 62. Ne1 g5 63. hxg5+ Kxg5 64. Ned3 Kf6 65. Kh3 Kg5 66.
Kh2 Kf6 67. Kg2 Rc3 68. Kf3 Rc2 69. Kg2 Rc3 70. Kf1 Rc2 71. Ke1 f3 72. Kf1 Kg5
73. Kg1 Kh4 74. Nxe5 Rxc5 75. Ned3 Rc2 76. e5 Re2 77. Nf4 1-0

[Event "Chessable Masters Div 2 W"]
[Site "chess.com INT"]
[Date "2023.04.06"]
[Round "4.1"]
[White "Abdusattorov, Nodirbek"]
[Black "Vachier-Lagrave, Maxime"]
[Result "1-0"]
[WhiteTitle "GM"]
[BlackTitle "GM"]
[WhiteElo "2731"]
[BlackElo "2741"]
[WhiteFideId "14204118"]
[BlackFideId "623539"]
[EventDate "2023.04.03"]
[EventType "k.o."]

1. d4 Nf6 2. c4 g6 3. g3 c6 4. Bg2 d5 5. Nf3 Bg7 6. O-O O-O 7. Qb3 a5 8. Rd1 a4
9. Qb4 b5 10. cxb5 cxb5 11. Qxb5 Bd7 12. Qb4 Nc6 13. Qe1 Qb6 14. Ne5 Nxe5 15.
dxe5 Ng4 16. Bxd5 Rac8 17. Nc3 a3 18. Bb3 Be6 19. Na4 Qa7 20. bxa3 Bd7 21. Nb6
Qxb6 22. Rxd7 Nxe5 23. Be3 Qxe3 24. fxe3 Nxd7 25. Rc1 Rcd8 26. Rd1 Ne5 27. Rxd8
Rxd8 28. Qb4 e6 29. a4 Rc8 30. a5 Bf8 31. Qb7 Rc1+ 32. Kg2 Ng4 33. Qe4 h5 34. h3
Nf6 35. Qd4 Kg7 36. a6 1-0

[Event "Chessable Masters Div 2 W"]
[Site "chess.com INT"]
[Date "2023.04.06"]
[Round "4.2"]
[White "Vachier-Lagrave, Maxime"]
[Black "Abdusattorov, Nodirbek"]
[Result "0-1"]
[WhiteTitle "GM"]
[BlackTitle "GM"]
[WhiteElo "2741"]
[BlackElo "2731"]
[WhiteFideId "623539"]
[BlackFideId "14204118"]
[EventDate "2023.04.03"]
[EventType "k.o."]

1. e4 c5 2. Nf3 Nc6 3. d4 cxd4 4. Nxd4 Nf6 5. Nc3 e5 6. Ndb5 d6 7. Nd5 Nxd5 8.
exd5 Nb8 9. a4 Be7 10. Be2 O-O 11. Bd2 Nd7 12. a5 f5 13. O-O a6 14. Na3 e4 15.
Nc4 Ne5 16. Nxe5 dxe5 17. Bc4 Bd6 18. Re1 Bd7 19. Bf1 Rc8 20. c4 Bc5 21. Bc3 e3
22. fxe3 f4 23. Kh1 Qh4 24. exf4 exf4 25. Re5 Rce8 26. Rh5 Qf2 27. Bd3 h6 28.
Rxh6 gxh6 29. Qh5 Rf6 30. Rf1 Qe3 31. Rf3 Qg1# 0-1

[Event "Chessable Masters Div 2 W"]
[Site "chess.com INT"]
[Date "2023.04.06"]
[Round "4.3"]
[White "Abdusattorov, Nodirbek"]
[Black "Vachier-Lagrave, Maxime"]
[Result "1-0"]
[WhiteTitle "GM"]
[BlackTitle "GM"]
[WhiteElo "2731"]
[BlackElo "2741"]
[WhiteFideId "14204118"]
[BlackFideId "623539"]
[EventDate "2023.04.03"]
[EventType "k.o."]

1. d4 Nf6 2. c4 e6 3. Nf3 d5 4. Nc3 Bb4 5. Bg5 h6 6. Bxf6 Qxf6 7. e3 c6 8. Rc1
Nd7 9. Be2 O-O 10. O-O Qe7 11. a3 Bd6 12. e4 dxe4 13. Nxe4 Bf4 14. Rc2 Rd8 15.
Re1 b6 16. Bd3 Bb7 17. Rce2 c5 18. d5 exd5 19. Nc3 Qd6 20. cxd5 Nf6 21. Bc4 a6
22. g3 b5 23. Ba2 c4 24. gxf4 Nxd5 25. Nxd5 Bxd5 26. Bb1 Qd7 27. h3 g5 28. Rd2
gxf4 29. Be4 1-0

[Event "Chessable Masters Div 2 W"]
[Site "chess.com INT"]
[Date "2023.04.07"]
[Round "5.1"]
[White "Abdusattorov, Nodirbek"]
[Black "Vachier-Lagrave, Maxime"]
[Result "1-0"]
[WhiteTitle "GM"]
[BlackTitle "GM"]
[WhiteElo "2731"]
[BlackElo "2741"]
[WhiteFideId "14204118"]
[BlackFideId "623539"]
[EventDate "2023.04.03"]
[EventType "k.o."]

1. d4 Nf6 2. c4 g6 3. g3 c6 4. Bg2 d5 5. Nf3 Bg7 6. O-O O-O 7. Qb3 a5 8. Rd1 a4
9. Qb4 Nbd7 10. cxd5 Nxd5 11. Qe1 Qa5 12. e4 Qxe1+ 13. Nxe1 Nc7 14. Nc3 Nb6 15.
Nc2 Bg4 16. f3 Bd7 17. Bf1 Rfd8 18. Bf4 Ne8 19. Rac1 Be6 20. Kf2 Nc4 21. Bxc4
Bxc4 22. g4 Nd6 23. Ne3 Be6 24. d5 a3 25. b3 Bd7 26. e5 Ne8 27. Nc4 cxd5 28. Nb6
e6 29. Nxa8 Rxa8 30. h4 Bf8 31. Ne2 h6 32. Nd4 Kg7 33. h5 g5 34. Be3 Be7 35. f4
gxf4 36. Bxf4 Bd8 37. Rg1 Kh7 38. g5 hxg5 39. Bxg5 f6 40. exf6 Nxf6 41. Ke2 Be8
42. Nxe6 Bxh5+ 43. Kd3 Bg6+ 44. Ke2 Bh5+ 45. Kf1 Bb6 46. Rh1 Kg6 47. Bxf6 Bf3
48. Rh8 Kxf6 49. Rxa8 Kxe6 50. Rxa3 d4 51. b4 Bd5 52. Ke2 Ke5 53. Ra8 Bf7 54.
Rb8 Ke4 55. Kd2 Bd5 56. Re1+ Kf4 57. Rf8+ 1-0

[Event "Chessable Masters Div 2 W"]
[Site "chess.com INT"]
[Date "2023.04.07"]
[Round "5.2"]
[White "Vachier-Lagrave, Maxime"]
[Black "Abdusattorov, Nodirbek"]
[Result "1-0"]
[WhiteTitle "GM"]
[BlackTitle "GM"]
[WhiteElo "2741"]
[BlackElo "2731"]
[WhiteFideId "623539"]
[BlackFideId "14204118"]
[EventDate "2023.04.03"]
[EventType "k.o."]

1. e4 e5 2. Nf3 Nf6 3. Nxe5 d6 4. Nf3 Nxe4 5. d4 d5 6. Bd3 Nc6 7. O-O Be7 8.
Nbd2 Nxd2 9. Bxd2 Bg4 10. c3 O-O 11. Bf4 Bd6 12. Bxd6 Qxd6 13. h3 Bh5 14. g4 Bg6
15. Nh4 Rae8 16. Qd2 Nd8 17. f4 Bxd3 18. Qxd3 Re4 19. Nf5 Qe6 20. Rf3 Re8 21.
Ng3 Qd7 22. f5 Re1+ 23. Rxe1 Rxe1+ 24. Kf2 Re8 25. f6 g6 26. Qd2 Qd6 27. Qh6 Qf8
28. Qg5 Ne6 29. Qxd5 Qh6 30. Re3 c6 31. Qd7 Qf4+ 32. Ke2 Kf8 33. Ne4 Qh2+ 34.
Kd1 Nd8 35. Re2 Qxh3 36. Qxe8+ 1-0

[Event "Chessable Masters Div 2 W"]
[Site "chess.com INT"]
[Date "2023.04.07"]
[Round "5.3"]
[White "Abdusattorov, Nodirbek"]
[Black "Vachier-Lagrave, Maxime"]
[Result "1-0"]
[WhiteTitle "GM"]
[BlackTitle "GM"]
[WhiteElo "2731"]
[BlackElo "2741"]
[WhiteFideId "14204118"]
[BlackFideId "623539"]
[EventDate "2023.04.03"]
[EventType "k.o."]

1. d4 Nf6 2. c4 g6 3. g3 c6 4. Bg2 d5 5. Nf3 Bg7 6. O-O O-O 7. Qb3 a5 8. Rd1 a4
9. Qb4 Re8 10. Na3 Qd6 11. Qe1 Qd8 12. Qb4 Qd6 13. Bd2 Qxb4 14. Bxb4 Be6 15.
Rac1 Ne4 16. Ne5 Na6 17. Be1 Nd6 18. cxd5 Bxd5 19. Bxd5 cxd5 20. Nd7 Rac8 21.
Rxc8 Nxc8 22. e3 Rd8 23. Rc1 Rxd7 24. Rxc8+ Bf8 25. Nb5 f6 26. a3 Kf7 27. Nc3
Rc7 28. Ra8 e6 29. Kf1 Be7 30. Nxa4 Rc4 31. Nc3 Nc7 32. Rb8 1-0

[Event "Chessable Masters Div 2 W"]
[Site "chess.com INT"]
[Date "2023.04.07"]
[Round "5.4"]
[White "Vachier-Lagrave, Maxime"]
[Black "Abdusattorov, Nodirbek"]
[Result "1/2-1/2"]
[WhiteTitle "GM"]
[BlackTitle "GM"]
[WhiteElo "2741"]
[BlackElo "2731"]
[WhiteFideId "623539"]
[BlackFideId "14204118"]
[EventDate "2023.04.03"]
[EventType "k.o."]

1. e4 e5 2. Nf3 Nf6 3. Nxe5 d6 4. Nf3 Nxe4 5. Nc3 Nxc3 6. dxc3 Nc6 7. Be3 Be7 8.
Qd2 Bf5 9. O-O-O Qd7 10. Bc4 O-O 11. Kb1 Rae8 12. h3 Be4 13. Rhe1 Bf6 14. Bd5
Qf5 15. Bxe4 Rxe4 16. Qd3 h6 17. Re2 Rfe8 18. Rde1 Qg6 19. g4 Ne5 20. Nxe5 R4xe5
21. Qc4 c5 22. a4 b6 23. Bf4 d5 24. Qb5 Rxe2 25. Rxe2 Rxe2 26. Qxe2 Qe4 27. Qxe4
dxe4 28. Bb8 a6 29. Ba7 Bd8 30. c4 a5 31. c3 g6 32. b4 axb4 33. cxb4 cxb4 34.
Kc2 f5 35. gxf5 gxf5 36. c5 bxc5 37. Bxc5 f4 38. Bxb4 Bb6 39. f3 exf3 40. Kd1
Kf7 41. a5 Be3 42. Ke1 Ke6 43. Kf1 Kd5 44. h4 h5 45. Be1 Kc6 46. Bc3 Kb5 47. Be1
Bc5 48. Bd2 Be7 49. Kf2 Bxh4+ 50. Kxf3 Bd8 51. Kxf4 Bxa5 52. Bxa5 Kxa5 53. Kg5
h4 54. Kxh4 1/2-1/2